the Libertines, Dirty Pretty Things or Babyshambles? 2 - Statistics

General Stats
  • This quiz has been taken 21 times
    16 since last reset
  • The average score is 12 of 15
Answer Stats
Question Answer % Correct
Last of the Small Town Playboys Dirty Pretty Things
100%
Blood Thirsty Bastards Dirty Pretty Things
100%
The Man Who Would Be King the Libertines
93%
French Dog Blues Babyshambles
86%
Chinese Dogs Dirty Pretty Things
86%
Doctors and Dealers Dirty Pretty Things
86%
What Katie Did the Libertines
86%
What Katy Did Next Babyshambles
79%
Merry Old England the Libertines
79%
Merry Go Round Babyshambles
71%
Blood on My Shoes Dirty Pretty Things
71%
The Man Who Came to Stay Babyshambles
64%
Dr. No Babyshambles
64%
The Very Last Boy Alive Babyshambles
57%
Glasgow Come Scala Blues the Libertines
50%
No matching quizzes found
Score Distribution
Percent of People with Each Score
Percentile by Number Answered
Your Score History
You have not taken this quiz since the last reset